[Event "TCh-RUS Blitz 2015"]
[Site "Sochi RUS"]
[Date "2015.05.10"]
[Round "10.32"]
[White "Shumilina, Alexandra"]
[Black "Denishev, Marat"]
[Result "1-0"]
[WhiteTitle "WIM"]
[WhiteElo "2238"]
[BlackElo "2275"]
[WhiteTeam "SK Volga (Kstovo)"]
[BlackTeam "Boavista (Moscow)"]
[WhiteFideId "4165810"]
[BlackFideId "24131563"]
[EventDate "2015.05.10"]

1. e4 b6 2. d4 Bb7 3. f3 e6 4. Be3 d6 5. Bd3 a6 6. Ne2 Nd7 7. O-O Be7 8. c4 Ngf6
9. Nbc3 O-O 10. Qd2 c5 11. d5 exd5 12. exd5 Ne5 13. h3 Nxd3 14. Qxd3 Nd7 15. f4
Bf6 16. Rab1 Re8 17. Ne4 Qe7 18. N2g3 g6 19. Nxf6+ Nxf6 20. Rbe1 Qf8 21. Bd2
Rxe1 22. Rxe1 Re8 23. Rxe8 Nxe8 24. f5 Qe7 25. Bc3 Bc8 26. Qf3 b5 27. b3 bxc4
28. bxc4 Bd7 29. f6 Qf8 30. Qf4 h6 31. h4 Ba4 32. Ba5 Kh7 33. Bd8 Bc2 34. Be7
Qh8 35. Bxd6 Qxf6 36. Qxf6 Nxf6 37. Bxc5 Bd3 38. Bd4 Ne8 39. c5 Bc4 40. d6 Be6
41. Ne4 f5 42. c6 fxe4 43. d7 1-0

[Event "TCh-RUS Blitz 2015"]
[Site "Sochi RUS"]
[Date "2015.05.10"]
[Round "10.33"]
[White "Lugovskoy, Maxim"]
[Black "Ponomarenko, Alexandr"]
[Result "1-0"]
[WhiteTitle "IM"]
[BlackTitle "IM"]
[WhiteElo "2427"]
[BlackElo "2234"]
[WhiteTeam "Krasnodar region"]
[BlackTeam "Law Faculty of Moscow State University (Moscow)"]
[WhiteFideId "24126454"]
[BlackFideId "14122456"]
[EventDate "2015.05.10"]

1. e4 c5 2. Nf3 Nc6 3. c3 Nf6 4. e5 Nd5 5. d4 cxd4 6. cxd4 e6 7. Bc4 d6 8. O-O
Be7 9. Qe2 O-O 10. Rd1 Bd7 11. Bd2 Rc8 12. Nc3 Nxc3 13. Bxc3 d5 14. Bd3 f5 15.
exf6 Bxf6 16. Re1 Qb6 17. Rad1 Rce8 18. Bb1 g6 19. h4 Ne7 20. h5 Qc7 21. Bd2 Nf5
22. Be3 Ne7 23. Nh2 e5 24. Bh6 Bg7 25. Bxg7 Kxg7 26. Qxe5+ Qxe5 27. dxe5 Be6 28.
hxg6 hxg6 29. Rc1 Rc8 30. Nf3 Nf5 31. Bxf5 Bxf5 32. Nd4 Bg4 33. f3 Bd7 34. e6
Rxc1 35. Rxc1 Be8 36. Rc7+ Kf6 37. Rxb7 Ke5 38. e7 Rf7 39. Nb3 Kd6 40. Rxa7 Rxe7
41. Rxe7 Kxe7 42. Kf2 Kd6 43. Ke3 Ke5 44. Nd4 Bd7 45. f4+ Kd6 46. b4 Bc8 47. Nf3
Bf5 48. Kd4 Be4 49. a4 Kc6 50. Ne5+ Kd6 51. g4 Kc7 52. g5 Kd6 53. b5 Bc2 54. a5
Bd1 55. Nxg6 1-0

[Event "TCh-RUS Blitz 2015"]
[Site "Sochi RUS"]
[Date "2015.05.10"]
[Round "10.34"]
[White "Tereshechkina, Maya"]
[Black "Oganian, Miran"]
[Result "0-1"]
[WhiteTitle "WFM"]
[BlackTitle "FM"]
[WhiteElo "2068"]
[BlackElo "2371"]
[WhiteTeam "Law Faculty of Moscow State University (Moscow)"]
[BlackTeam "Krasnodar region"]
[WhiteFideId "4194578"]
[BlackFideId "4122488"]
[EventDate "2015.05.10"]

1. Nf3 Nf6 2. c4 e6 3. Nc3 d5 4. e3 Be7 5. b3 O-O 6. Be2 c5 7. cxd5 exd5 8. d4
cxd4 9. Nxd4 Bb4 10. Bd2 Nc6 11. Nxc6 bxc6 12. O-O Bf5 13. Rc1 Ba3 14. Na4 Bxc1
15. Qxc1 Rc8 16. Ba6 Qd6 17. Bxc8 Ng4 18. g3 Rxc8 19. Qc5 Qh6 20. h4 Ne5 21. f3
Bh3 22. Rf2 Qg6 23. Kh2 Nd3 24. Qd4 Nxf2 25. Nc5 h5 26. f4 Bf5 27. Bc3 Ne4 28.
Nxe4 dxe4 29. Kg1 Qxg3+ 30. Kf1 0-1

[Event "TCh-RUS Blitz 2015"]
[Site "Sochi RUS"]
[Date "2015.05.10"]
[Round "10.35"]
[White "Zakaryan, David"]
[Black "Dulenko, Maxim"]
[Result "1/2-1/2"]
[WhiteTitle "FM"]
[WhiteElo "2322"]
[BlackElo "2140"]
[WhiteTeam "Krasnodar region"]
[BlackTeam "Law Faculty of Moscow State University (Moscow)"]
[WhiteFideId "24101923"]
[BlackFideId "4121899"]
[EventDate "2015.05.10"]

1. e4 d5 2. exd5 Qxd5 3. Nc3 Qd6 4. Nf3 Nf6 5. d4 a6 6. g3 Bg4 7. Bg2 Nc6 8. Bf4
Qb4 9. O-O Qxb2 10. Na4 Qa3 11. Nc5 O-O-O 12. c3 e5 13. Nxb7 exf4 14. Nxd8 Nxd8
15. h3 Bf5 16. Ne5 Bd6 17. c4 fxg3 18. c5 gxf2+ 19. Rxf2 Be4 20. cxd6 Bxg2 21.
Rxg2 Qe3+ 22. Kh2 Ne6 23. Qd2 Qxd4 24. Nxf7 Rf8 25. Qxd4 Nxd4 26. Ne5 cxd6 27.
Rc1+ Kd8 28. Nc6+ Nxc6 29. Rxc6 Kd7 30. Rxa6 Ke6 31. Rxg7 Rb8 32. Rg2 Nh5 33.
Ra4 d5 34. Rh4 Nf6 35. Rf2 Ke5 36. Re2+ Ne4 37. Rxh7 Kd4 38. Rh4 Kd3 39. Rg2 d4
40. Rhg4 Ke3 41. Rg1 Rb2+ 42. R4g2 Rb5 43. Re1+ Kd3 44. h4 Rh5 45. Kh3 Nc3 46.
Kg4 Ra5 47. h5 Nxa2 48. h6 Ra8 49. h7 Rh8 50. Rxa2 Rxh7 51. Rd1+ Kc3 52. Rad2
Rd7 53. Kf5 d3 54. Ke6 Rd8 55. Ke5 Re8+ 56. Kf4 Rf8+ 57. Kg5 Rd8 58. Kf6 Rd4 59.
Ke7 Rd5 60. Ke6 Rd8 61. Ra2 Kb3 62. Raa1 d2 63. Ke5 Kc2 64. Ke4 Re8+ 65. Kf3
Rf8+ 66. Ke2 Re8+ 67. Kf2 Rf8+ 68. Ke3 Re8+ 69. Kd4 Rd8+ 70. Kc5 Rc8+ 71. Kd6
Rd8+ 72. Kc7 Rd3 73. Kc6 Rd8 74. Kb5 Rb8+ 75. Kc5 Rd8 76. Kc4 Rc8+ 77. Kd5 Rd8+
78. Ke6 Rd3 79. Ke5 Rd8 80. Ke4 Re8+ 81. Kf5 Rd8 82. Ke6 Rd3 83. Rh1 1/2-1/2

[Event "TCh-RUS Blitz 2015"]
[Site "Sochi RUS"]
[Date "2015.05.10"]
[Round "10.36"]
[White "Kayukov, Kirill"]
[Black "Oganyan, Arsen"]
[Result "1/2-1/2"]
[WhiteElo "2071"]
[BlackElo "2282"]
[WhiteTeam "Law Faculty of Moscow State University (Moscow)"]
[BlackTeam "Krasnodar region"]
[WhiteFideId "4107837"]
[BlackFideId "4175492"]
[EventDate "2015.05.10"]

1. c4 Nf6 2. Nc3 e6 3. e4 d5 4. cxd5 exd5 5. e5 Ne4 6. d4 Nxc3 7. bxc3 c5 8. Nf3
cxd4 9. cxd4 Bb4+ 10. Bd2 Qa5 11. Be2 Bxd2+ 12. Qxd2 Qxd2+ 13. Kxd2 Nc6 14. Bb5
Bg4 15. Ne1 Bf5 16. Rc1 Kd7 17. f3 Rhc8 18. g4 Bg6 19. f4 Be4 20. Rg1 a6 21.
Bxc6+ Rxc6 22. Rxc6 bxc6 23. Rg3 Rb8 24. Rb3 Rb5 25. Rxb5 cxb5 26. Nd3 Bxd3 27.
Kxd3 a5 28. Kc3 1/2-1/2

[Event "TCh-RUS Blitz 2015"]
[Site "Sochi RUS"]
[Date "2015.05.10"]
[Round "11.1"]
[White "Potapov, Pavel"]
[Black "Andreikin, Dmitry"]
[Result "0-1"]
[WhiteTitle "IM"]
[BlackTitle "GM"]
[WhiteElo "2477"]
[BlackElo "2723"]
[WhiteTeam "Yamal (YaNAO)"]
[BlackTeam "University (Belorechensk)"]
[WhiteFideId "4169786"]
[BlackFideId "4158814"]
[EventDate "2015.05.10"]

1. e4 e5 2. Nf3 Nc6 3. Nc3 Nf6 4. d4 exd4 5. Nxd4 Bc5 6. Be3 Bb4 7. Nxc6 bxc6 8.
Qd4 Qe7 9. O-O-O c5 10. Qd3 O-O 11. Nd5 Nxd5 12. Qxd5 c6 13. Qd6 Qxe4 14. Bd3
Qe6 15. Qxe6 fxe6 16. a3 Ba5 17. Bxc5 Rf7 18. Be4 Bb6 19. Bxb6 axb6 20. Bf3 d5
21. Rhe1 Ra4 22. Re5 Kf8 23. Rde1 Ke7 24. c3 Kd6 25. h3 Raf4 26. Kd2 h6 27. b4
R7f6 28. R1e2 Ba6 29. Re1 Bc4 30. a4 g5 31. R5e3 h5 32. a5 bxa5 33. bxa5 g4 34.
hxg4 hxg4 35. Be2 Rxf2 36. Kd1 R2f4 37. g3 Bxe2+ 38. Kxe2 Ra4 39. Rb1 Rxa5 40.
Rb8 e5 41. Rd8+ Kc7 42. Rg8 e4 43. Rxg4 Ra2+ 44. Ke1 Rh6 45. Rf4 Rh1+ 0-1

[Event "TCh-RUS Blitz 2015"]
[Site "Sochi RUS"]
[Date "2015.05.10"]
[Round "11.2"]
[White "Jobava, Baadur"]
[Black "Belyakov, Bogdan"]
[Result "1-0"]
[WhiteTitle "GM"]
[BlackTitle "IM"]
[WhiteElo "2699"]
[BlackElo "2478"]
[WhiteTeam "University (Belorechensk)"]
[BlackTeam "Yamal (YaNAO)"]
[WhiteFideId "13601520"]
[BlackFideId "24104795"]
[EventDate "2015.05.10"]

1. b3 b6 2. Bb2 Bb7 3. e3 e6 4. Nc3 d6 5. d4 Nd7 6. Qd2 a6 7. O-O-O g6 8. Kb1
Bg7 9. h4 h6 10. f3 Ne7 11. Nge2 Nf8 12. e4 Qd7 13. Nc1 O-O-O 14. Qf2 Kb8 15.
Nd3 Qc8 16. g4 Nd7 17. Bg2 f5 18. gxf5 gxf5 19. Rhg1 Rhg8 20. Bh3 Bf6 21. Nf4
Rxg1 22. Rxg1 Nf8 23. h5 Ka7 24. a4 Qa8 25. a5 Bg5 26. axb6+ cxb6 27. Nd3 fxe4
28. fxe4 Bxe4 29. Nxe4 Qxe4 30. Qf7 Qh7 31. Bxe6 Qxf7 32. Bxf7 Nd7 33. Ba3 Nf6
34. Re1 Nf5 35. d5 a5 36. c4 Ka6 37. b4 Ne3 38. b5+ Kb7 39. Bc1 Nxc4 40. Bxg5
hxg5 41. Re6 Nxd5 42. h6 Rh8 43. Rg6 Nce3 44. Rg7 Nc3+ 45. Kb2 Na4+ 46. Ka3 Rxh6
47. Kxa4 Rh4+ 48. Ka3 Kc7 49. Bd5+ Kd8 50. Bc4 Nxc4+ 51. Kb3 a4+ 52. Kc3 a3 53.
Nb4 Ne5 54. Ra7 Rh3+ 55. Kd4 Rh4+ 56. Kc3 Rh3+ 57. Kc2 Rh2+ 58. Kd1 a2 59. Nxa2
Rh4 60. Nc3 Rc4 61. Nd5 Nc6 62. Ra8+ Kd7 63. Nxb6+ Kc7 64. Nxc4 1-0

[Event "TCh-RUS Blitz 2015"]
[Site "Sochi RUS"]
[Date "2015.05.10"]
[Round "11.3"]
[White "Goryachkina, Aleksandra"]
[Black "Alekseev, Evgeny"]
[Result "1/2-1/2"]
[WhiteTitle "WGM"]
[BlackTitle "GM"]
[WhiteElo "2474"]
[BlackElo "2653"]
[WhiteTeam "Yamal (YaNAO)"]
[BlackTeam "University (Belorechensk)"]
[WhiteFideId "4147103"]
[BlackFideId "4138147"]
[EventDate "2015.05.10"]

1. d4 Nf6 2. c4 e6 3. Nf3 d5 4. Nc3 Bb4 5. Bg5 Nbd7 6. e3 c5 7. Be2 cxd4 8. exd4
dxc4 9. O-O O-O 10. Bxc4 Bxc3 11. bxc3 Qc7 12. Qe2 b6 13. Rac1 Bb7 14. Bd3 h6
15. Bh4 Nh5 16. Bg3 Nxg3 17. hxg3 Rac8 18. Rfe1 Qd6 19. Ne5 Nxe5 20. Qxe5 Qxe5
21. Rxe5 Rc7 22. Re3 Rd8 23. Rd1 Kf8 24. Be2 Bd5 25. Rd2 Bc4 26. Bf3 b5 27. g4
Rd6 28. Be2 g6 29. Bxc4 Rxc4 30. Rb2 a6 31. f3 Rdc6 32. Rb3 Ra4 33. Re2 Rac4 34.
Re3 Ra4 35. Re2 Rac4 1/2-1/2

[Event "TCh-RUS Blitz 2015"]
[Site "Sochi RUS"]
[Date "2015.05.10"]
[Round "11.4"]
[White "Tregubov, Pavel V."]
[Black "Sergeyev, Alexander"]
[Result "0-1"]
[WhiteTitle "GM"]
[BlackTitle "FM"]
[WhiteElo "2571"]
[BlackElo "2380"]
[WhiteTeam "University (Belorechensk)"]
[BlackTeam "Yamal (YaNAO)"]
[WhiteFideId "4115341"]
[BlackFideId "13702076"]
[EventDate "2015.05.10"]

1. d4 d5 2. c4 c6 3. cxd5 cxd5 4. Bf4 Nc6 5. e3 e6 6. Nc3 Nf6 7. Bd3 Bd6 8. Bxd6
Qxd6 9. f4 Bd7 10. Nf3 O-O-O 11. O-O Kb8 12. a3 Rc8 13. Qe2 Rhd8 14. Rfc1 Be8
15. b4 Ne7 16. b5 Nf5 17. a4 Qb4 18. Bxf5 Rxc3 19. Bd3 Rdc8 20. Rcb1 Qd6 21. Ne5
Ne4 22. Qb2 Ka8 23. a5 f6 24. Bxe4 dxe4 25. Nc6 Rxe3 26. a6 Bxc6 27. bxc6 b6 28.
Rc1 Rd3 29. Rc4 Rxc6 30. Qb5 Rxc4 31. Qxc4 Qxd4+ 32. Qxd4 Rxd4 33. Rc1 Kb8 34.
Rc6 e5 35. fxe5 fxe5 36. Re6 Kc7 37. Re7+ Rd7 38. Rxe5 Kc6 39. Kf2 b5 40. Re6+
Kd5 41. Re8 Rd6 42. Re7 Rxa6 43. Rxg7 b4 44. Rxh7 b3 45. Rd7+ Ke5 46. Rd1 Ra2+
47. Ke3 Rxg2 48. Rd7 Rxh2 0-1

[Event "TCh-RUS Blitz 2015"]
[Site "Sochi RUS"]
[Date "2015.05.10"]
[Round "11.6"]
[White "Artemiev, Vladislav"]
[Black "Nechaev, Oleg"]
[Result "1-0"]
[WhiteTitle "GM"]
[WhiteElo "2671"]
[BlackElo "2329"]
[WhiteTeam "Rook (Kazan)"]
[BlackTeam "Stavropol region"]
[WhiteFideId "24101605"]
[BlackFideId "24113409"]
[EventDate "2015.05.10"]

1. Nf3 c5 2. c4 g6 3. e4 Bg7 4. d4 cxd4 5. Nxd4 Nf6 6. Nc3 d6 7. Be2 Nc6 8. Be3
O-O 9. O-O Bd7 10. Qd2 a6 11. f3 Qa5 12. Nb3 Qh5 13. Nd5 Nxd5 14. cxd5 Ne5 15.
Nd4 Rac8 16. b3 f5 17. f4 Ng4 18. h3 Nxe3 19. Bxh5 Nxf1 20. Rxf1 gxh5 21. Nxf5
Bxf5 22. exf5 Rxf5 23. Qe2 Rf7 24. Qxh5 Rc2 25. Qg4 Rxa2 26. Rc1 Rf8 27. Qe6+
Kh8 28. Rc8 Bd4+ 29. Kh2 Rxc8 30. Qxc8+ Kg7 31. Qxb7 Kf7 32. Qc8 Bf6 33. Qf5 Kg7
34. Qg4+ Kf8 35. h4 Rb2 36. h5 a5 37. Qf3 Rc2 38. Qd3 Rf2 39. Qe3 Rc2 40. h6 Rc3
41. Qe4 Kg8 42. Qe6+ Kf8 43. Qf5 Kg8 44. g4 Rf3 45. g5 Rxf4 46. Qc8+ Kf7 47.
Qe6+ Kf8 48. gxf6 Rxf6 49. Qe3 Rf5 50. Qd3 Rh5+ 51. Kg3 Rxh6 52. Qc3 Rg6+ 53.
Kf4 h5 54. Qxa5 h4 55. Qd8+ Kf7 56. Qh8 Rf6+ 57. Ke4 1-0

[Event "TCh-RUS Blitz 2015"]
[Site "Sochi RUS"]
[Date "2015.05.10"]
[Round "11.7"]
[White "Rozhko, Dmitry"]
[Black "Timofeev, Artyom"]
[Result "0-1"]
[WhiteTitle "FM"]
[BlackTitle "GM"]
[WhiteElo "2342"]
[BlackElo "2534"]
[WhiteTeam "Stavropol region"]
[BlackTeam "Rook (Kazan)"]
[WhiteFideId "4150430"]
[BlackFideId "4140419"]
[EventDate "2015.05.10"]

1. d4 Nf6 2. Nf3 g6 3. Bg5 Bg7 4. Nbd2 c5 5. c3 b6 6. e3 Bb7 7. Bd3 O-O 8. O-O
d6 9. Re1 Nc6 10. h3 Rc8 11. a4 cxd4 12. exd4 Nd5 13. Nc4 Qd7 14. Ne3 Nxe3 15.
Bxe3 e5 16. dxe5 dxe5 17. Be4 Qc7 18. Qe2 h6 19. Qc4 Kh7 20. Bxc6 Bxc6 21. a5 b5
22. Qc5 a6 23. Qb6 Bb7 24. Qxc7 Rxc7 25. Bb6 Rd7 26. Nxe5 Rd2 27. Rab1 Re8 28.
Nxf7 Rxb2 29. Rxe8 Rxb1+ 30. Kh2 Bxc3 31. Nd6 Bd5 32. Re7+ Kg8 33. Ne4 Bxe4 34.
Rxe4 b4 35. Bd4 Re1 36. Rg4 Kf7 37. Bxc3 bxc3 38. Rc4 Rc1 39. Kg3 Ke6 40. Kf4
Kd5 41. Rc8 Kd4 42. h4 Ra1 43. Rd8+ Kc4 44. Rc8+ Kb3 45. Rc6 c2 46. g4 c1=Q+ 47.
Rxc1 Rxc1 0-1

[Event "TCh-RUS Blitz 2015"]
[Site "Sochi RUS"]
[Date "2015.05.10"]
[Round "11.8"]
[White "Sharafiev, Azat"]
[Black "Bykov, Egor"]
[Result "1-0"]
[WhiteTitle "IM"]
[WhiteElo "2415"]
[BlackElo "2263"]
[WhiteTeam "Rook (Kazan)"]
[BlackTeam "Stavropol region"]
[WhiteFideId "4186214"]
[BlackFideId "34115290"]
[EventDate "2015.05.10"]

1. Nf3 d5 2. c4 c6 3. e3 Nf6 4. Nc3 Bf5 5. cxd5 Nxd5 6. Qb3 Nb6 7. d4 e6 8. Be2
N8d7 9. e4 Bg4 10. Be3 Be7 11. Rd1 O-O 12. O-O Qc7 13. h3 Bh5 14. Rc1 Qd6 15.
Rfd1 Bxf3 16. Bxf3 e5 17. d5 Qg6 18. dxc6 bxc6 19. Bg4 Nc5 20. Qc2 Ne6 21. Na4
Nxa4 22. Qxa4 c5 23. Bxe6 Qxe6 24. Bxc5 Rfc8 25. Bxe7 Qxe7 26. Rxc8+ Rxc8 27.
Qd7 Qc5 28. b4 Qc2 29. Qd8+ 1-0

[Event "TCh-RUS Blitz 2015"]
[Site "Sochi RUS"]
[Date "2015.05.10"]
[Round "11.9"]
[White "Nepomniachtchi, Ian"]
[Black "Sjugirov, Sanan"]
[Result "1-0"]
[WhiteTitle "GM"]
[BlackTitle "GM"]
[WhiteElo "2728"]
[BlackElo "2670"]
[WhiteTeam "Our Heritage SHSM-1 (Moscow)"]
[BlackTeam "Lada (Samara region)"]
[WhiteFideId "4168119"]
[BlackFideId "4189302"]
[EventDate "2015.05.10"]

1. e4 e6 2. d4 d5 3. Nc3 Bb4 4. a3 Bxc3+ 5. bxc3 dxe4 6. Qg4 Nf6 7. Qxg7 Rg8 8.
Qh6 c5 9. Ne2 Nbd7 10. Ng3 Qa5 11. Qd2 Nb6 12. dxc5 Qxc5 13. Qd4 Qxd4 14. cxd4
Bd7 15. c4 Rc8 16. c5 Nbd5 17. Bd2 h5 18. Ne2 b6 19. Rc1 Bb5 20. cxb6 Rxc1+ 21.
Nxc1 Bxf1 22. bxa7 Kd7 23. Kxf1 Ra8 24. h4 Rxa7 25. Rh3 Ra4 26. Ne2 e3 27. Bxe3
Rxa3 28. Bc1 Rxh3 29. gxh3 Ke8 30. Ng3 Kf8 31. Ke2 Kg7 32. Bg5 Kg6 33. Bxf6 Nxf6
34. Ke3 Nd5+ 35. Ke4 Nc3+ 36. Ke5 Nd1 37. Ne2 Nxf2 38. Nf4+ Kg7 39. Nxh5+ Kg6
40. Nf4+ Kg7 41. h5 Nd1 42. h6+ Kxh6 43. Kf6 Ne3 44. Kxf7 Nf5 45. Nxe6 Nd6+ 46.
Ke7 Nf5+ 47. Kf6 Ne3 48. Nf4 1-0

[Event "TCh-RUS Blitz 2015"]
[Site "Sochi RUS"]
[Date "2015.05.10"]
[Round "11.10"]
[White "Bukavshin, Ivan"]
[Black "Najer, Evgeniy"]
[Result "1-0"]
[WhiteTitle "GM"]
[BlackTitle "GM"]
[WhiteElo "2648"]
[BlackElo "2663"]
[WhiteTeam "Lada (Samara region)"]
[BlackTeam "Our Heritage SHSM-1 (Moscow)"]
[WhiteFideId "4199758"]
[BlackFideId "4118987"]
[EventDate "2015.05.10"]

1. Nc3 d5 2. e3 e5 3. Qh5 Nf6 4. Qxe5+ Be7 5. Nb5 Na6 6. Nd4 Nc5 7. Nf5 Bxf5 8.
Qxf5 O-O 9. d3 d4 10. e4 c6 11. Be2 Qa5+ 12. Kf1 Qa4 13. b3 Qb4 14. Bb2 Qd2 15.
Rc1 Ne6 16. Nf3 Qh6 17. Qa5 Ng4 18. h3 Nf4 19. Bxd4 Rad8 20. Rd1 b6 21. Qf5 Nf6
22. Be3 Bd6 23. g3 g6 24. Bxf4 Qg7 25. Qg5 Bxf4 26. Qxf4 Nh5 27. Qe5 Qh6 28. Kg2
Rfe8 29. Qg5 Qg7 30. Nd2 Nf6 31. c4 Nd7 32. Qe3 Nc5 33. f4 Ne6 34. Nf3 h6 35. h4
Rd7 36. e5 Red8 37. d4 Qf8 38. h5 Qg7 39. hxg6 fxg6 40. f5 gxf5 41. Qxh6 1-0

[Event "TCh-RUS Blitz 2015"]
[Site "Sochi RUS"]
[Date "2015.05.10"]
[Round "11.11"]
[White "Grachev, Boris"]
[Black "Frolyanov, Dmitry"]
[Result "1/2-1/2"]
[WhiteTitle "GM"]
[BlackTitle "GM"]
[WhiteElo "2666"]
[BlackElo "2569"]
[WhiteTeam "Our Heritage SHSM-1 (Moscow)"]
[BlackTeam "Lada (Samara region)"]
[WhiteFideId "4129199"]
[BlackFideId "4151976"]
[EventDate "2015.05.10"]

1. d4 d5 2. Bf4 Nf6 3. e3 e6 4. Nd2 c5 5. c3 Nc6 6. Ngf3 Be7 7. h3 b6 8. Bd3 Bb7
9. O-O O-O 10. Qe2 Rc8 11. Rad1 Nh5 12. Bh2 c4 13. Bc2 f5 14. Ne5 Nf6 15. Nxc6
Bxc6 16. Nf3 b5 17. a3 a6 18. Ne5 Be8 19. f3 Nd7 20. e4 Nxe5 21. Bxe5 fxe4 22.
fxe4 Bg6 23. Rxf8+ Bxf8 24. Rf1 Qe8 25. exd5 Bxc2 26. Qxc2 exd5 27. Qf5 Rd8 28.
Rf3 Qg6 29. Qf4 Re8 30. Kh2 Qe6 31. h4 g6 32. h5 Bg7 33. Bxg7 Kxg7 34. h6+ Kg8
35. Qc7 Qe7 36. Qxe7 Rxe7 37. Rf6 Re2 38. Rxa6 Rxb2 39. Ra8+ Kf7 40. Ra7+ Kg8
41. Rg7+ Kf8 42. Rxh7 Rb3 43. Rd7 Kg8 44. Rxd5 Kh7 45. Rc5 Kxh6 46. a4 bxa4 47.
Rxc4 a3 48. Ra4 Rxc3 49. Ra5 Rd3 50. g3 a2 51. Rxa2 Rxd4 1/2-1/2

[Event "TCh-RUS Blitz 2015"]
[Site "Sochi RUS"]
[Date "2015.05.10"]
[Round "11.14"]
[White "Riazantsev, Alexander"]
[Black "Inarkiev, Ernesto"]
[Result "1-0"]
[WhiteTitle "GM"]
[BlackTitle "GM"]
[WhiteElo "2671"]
[BlackElo "2664"]
[WhiteTeam "Malachite (Sverdlovsk region)"]
[BlackTeam "SHSM-Our Heritage-2 (Moscow)"]
[WhiteFideId "4125029"]
[BlackFideId "4162722"]
[EventDate "2015.05.10"]

1. d4 Nf6 2. c4 e6 3. Nf3 d5 4. Nc3 Nbd7 5. cxd5 exd5 6. Bf4 c6 7. h3 Nb6 8. e3
Bf5 9. Be2 Bd6 10. Bg5 h6 11. Bh4 g5 12. Bg3 Bxg3 13. fxg3 Qd6 14. Ne5 Nfd7 15.
O-O Nxe5 16. Rxf5 Ng6 17. g4 Nh4 18. Rf2 O-O-O 19. Bd3 Rde8 20. Qd2 h5 21. gxh5
Rxh5 22. Rxf7 Qg3 23. Qf2 Qxe3 24. Qxe3 Rxe3 25. Be2 Rh8 26. Raf1 Rhe8 27. Rg7
R8e7 28. Rxg5 Rxe2 29. Nxe2 Rxe2 30. Rg7 Re8 31. Rf4 Rh8 32. g3 Nc4 33. gxh4 Nd6
34. h5 Ne8 35. Rg5 Kc7 36. Rf7+ Kb6 37. Kf2 Nd6 38. Re7 Ne4+ 39. Rxe4 dxe4 40.
Ke3 Ka6 41. Kxe4 b5 42. Kf5 Ka5 43. Kg6 Rg8+ 44. Kf6 Rd8 45. h6 Rxd4 46. h7 Rh4
47. Kg6 Rxh3 48. Rh5 1-0

[Event "TCh-RUS Blitz 2015"]
[Site "Sochi RUS"]
[Date "2015.05.10"]
[Round "11.15"]
[White "Popov, Ivan RUS"]
[Black "Motylev, Alexander"]
[Result "1-0"]
[WhiteTitle "GM"]
[BlackTitle "GM"]
[WhiteElo "2648"]
[BlackElo "2648"]
[WhiteTeam "SHSM-Our Heritage-2 (Moscow)"]
[BlackTeam "Malachite (Sverdlovsk region)"]
[WhiteFideId "4170350"]
[BlackFideId "4121830"]
[EventDate "2015.05.10"]

1. e4 c6 2. d4 d5 3. Nc3 dxe4 4. Nxe4 Bf5 5. Ng3 Bg6 6. Nf3 Nd7 7. Bd3 e6 8. O-O
Bd6 9. Ne4 Be7 10. Bf4 Ndf6 11. Nc5 Bxc5 12. Bxg6 hxg6 13. dxc5 Ne7 14. c4 Qxd1
15. Rfxd1 Nd7 16. b4 Nf5 17. Rd3 f6 18. Rad1 O-O-O 19. Bd6 e5 20. g4 e4 21. gxf5
exd3 22. fxg6 Rh6 23. Rxd3 Rxg6+ 24. Kf1 Re8 25. Ra3 a6 26. b5 Rg4 27. bxc6 bxc6
28. Rxa6 Kb7 29. Ra4 Ra8 30. Rb4+ Kc8 31. a4 Ra5 32. h3 Re4 33. Nd2 Rh4 34. Nb3
Ra6 35. Kg2 Re4 36. a5 f5 37. Ra4 g5 38. Ra2 Rxc4 39. Nd2 Rb4 40. Nf3 g4 41. Nh4
gxh3+ 42. Kxh3 Rb5 43. Nxf5 Rbxa5 44. Ne7+ Kb7 45. Rb2+ Ka8 46. f4 Ra2 47. Rb1
R2a5 48. f5 Nxc5 49. Rb8+ 1-0

[Event "TCh-RUS Blitz 2015"]
[Site "Sochi RUS"]
[Date "2015.05.10"]
[Round "11.16"]
[White "Khismatullin, Denis"]
[Black "Potkin, Vladimir"]
[Result "1-0"]
[WhiteTitle "GM"]
[BlackTitle "GM"]
[WhiteElo "2666"]
[BlackElo "2599"]
[WhiteTeam "Malachite (Sverdlovsk region)"]
[BlackTeam "SHSM-Our Heritage-2 (Moscow)"]
[WhiteFideId "4142578"]
[BlackFideId "4131061"]
[EventDate "2015.05.10"]

1. c4 c5 2. Nf3 Nf6 3. Nc3 Nc6 4. d4 cxd4 5. Nxd4 e6 6. a3 Be7 7. g3 O-O 8. Bg2
Ne5 9. b3 a6 10. Bb2 d6 11. O-O Qc7 12. Rc1 Bd7 13. e3 Rac8 14. h3 Qb8 15. Qe2
Rfd8 16. Rfd1 h6 17. Kh2 Be8 18. f4 Nc6 19. b4 Nxd4 20. exd4 Bf8 21. Rd2 b5 22.
c5 Bc6 23. Bxc6 Rxc6 24. Rf1 Rcc8 25. Rf2 h5 26. Qf3 Qc7 27. Kg2 Be7 28. f5 dxc5
29. dxc5 Rxd2 30. Rxd2 exf5 31. Qxf5 Rd8 32. Re2 Bf8 33. Qf3 Qc8 34. Nb1 Nd5 35.
Qxh5 a5 36. Rf2 Qb7 37. c6 Qc7 38. bxa5 f6 39. Qf3 Qxc6 40. Kh2 Qc4 41. Rd2 b4
42. axb4 Bxb4 43. Re2 Bxa5 44. Nd2 Qb5 45. Ne4 Bc7 46. Qg4 Qd7 47. Qg6 Qf7 48.
Qf5 Qd7 49. Qf3 Qb5 50. Rd2 Re8 51. Nf2 Nb4 52. Qb3+ Kh7 53. Qf3 Kg8 54. Ng4 Qc6 1-0

[Event "TCh-RUS Blitz 2015"]
[Site "Sochi RUS"]
[Date "2015.05.10"]
[Round "11.17"]
[White "Chigaev, Maksim"]
[Black "Korobov, Anton"]
[Result "1-0"]
[WhiteTitle "IM"]
[BlackTitle "GM"]
[WhiteElo "2496"]
[BlackElo "2708"]
[WhiteTeam "SDYUSSHOR Hilti (St. Petersburg)"]
[BlackTeam "Sibir (Novosibirsk)"]
[WhiteFideId "4108116"]
[BlackFideId "14105730"]
[EventDate "2015.05.10"]

1. e4 c5 2. Nc3 a6 3. g3 b5 4. Bg2 Bb7 5. d3 g6 6. h4 h6 7. h5 g5 8. f4 gxf4 9.
Bxf4 Nc6 10. Qd2 Bg7 11. Nf3 d6 12. a3 e6 13. O-O Nge7 14. Rae1 Qd7 15. Bh3 Nd4
16. Nxd4 cxd4 17. Nd1 Qc6 18. Qf2 f5 19. Kh2 e5 20. exf5 O-O 21. g4 Rac8 22. c3
Nd5 23. Bd2 Nf6 24. cxd4 exd4 25. Rg1 Nh7 26. Re7 Bf6 27. Bg2 d5 28. Re6 Qc7+
29. Bf4 Qg7 30. Qd2 Ng5 31. Rb6 Kh8 32. Nf2 Bc6 33. Rc1 Bd7 34. Rxc8 Rxc8 35.
Rb7 Qe7 36. Qb4 Qxb4 37. axb4 Be8 38. Rb6 Kg7 39. Nh3 Rc2 40. Nxg5 hxg5 41. Bd6
Rxb2 42. Kg3 Rd2 43. Bxd5 Rxd3+ 44. Kf2 Rd2+ 45. Ke1 Rc2 46. Rb7+ Kh8 47. Rb8 d3
48. Rxe8+ Kh7 49. Bg8+ Kg7 50. h6+ 1-0

[Event "TCh-RUS Blitz 2015"]
[Site "Sochi RUS"]
[Date "2015.05.10"]
[Round "11.18"]
[White "Bocharov, Dmitry"]
[Black "Levin, Evgeny A."]
[Result "1-0"]
[WhiteTitle "GM"]
[BlackTitle "GM"]
[WhiteElo "2577"]
[BlackElo "2518"]
[WhiteTeam "Sibir (Novosibirsk)"]
[BlackTeam "SDYUSSHOR Hilti (St. Petersburg)"]
[WhiteFideId "4138716"]
[BlackFideId "4182596"]
[EventDate "2015.05.10"]

1. Nf3 Nf6 2. g3 g6 3. Bg2 Bg7 4. O-O O-O 5. c4 d6 6. Nc3 Nc6 7. d4 Rb8 8. h3
Bf5 9. d5 Na5 10. Nd2 c5 11. e4 Bd7 12. Qc2 e5 13. b3 Nh5 14. Bb2 f5 15. exf5
gxf5 16. Ne2 f4 17. gxf4 Nxf4 18. Nxf4 Rxf4 19. Ne4 Bf5 20. Rae1 Qh4 21. Re3 Rf8
22. Qe2 Qe7 23. Rg3 Kh8 24. Nxd6 Bg6 25. Ne4 b6 26. Ng5 Bf5 27. Nf3 Re4 28. Qd2
Bf6 29. Qh6 Bg7 30. d6 Qf7 31. Rxg7 Qxg7 32. Nxe5 1-0